000
00277nam a2200121Ia 4500
008
191201s2014 xx 000 0 und d
100
_a
RAGHUNATH, H.M
245
0
_a
Ground Water
260
_a
N. delhi
_b
New Age
_c
2014
300
_a
504
650
_a
B.Tech(CE)
942
_2
ddc
_c
BK
999
_c
6164
_d
6164